000 01153nam a2200229Ia 4500
999 _c37875
_d37875
001 3853
003 GE_BSU
005 20190813153933.0
008 181216s1998||||ge |||||||||||||| ||geo||
040 _cGE_BSU
041 _ageo
080 _a14(479.22)(091) შ–51
100 _aშერვაშიძე, გულიკო
_9369
245 _aსაინტერესო ფურცლები ქართული ფილოსოფიური აზროვნების ისტორიიდან /
_cრედ. : თენგიზ მოისწრაფიშვილი, მურმან გორგოშაძე.
264 _aბათუმი :
_bაჭარა,
_c1998.
300 _a135 გვ. ;
_b20სმ.
504 _aბიბლიოგრაფიული გვ. 137–140
653 _aქართული ფილოსოფიის ისტორია
700 _aმოისწრაფიშვილი, თენგიზ
_eრედაქტორი
_93551
700 _aგორგოშაძე, მურმან
_eრედაქტორი
_93552
942 _cBK
_2udc